Hospitality and tourism marketing: (Record no. 89380)

MARC details
000 -LEADER
fixed length control field 01289nam a22003257a 4500
003 - CONTROL NUMBER IDENTIFIER
control field URS
005 - DATE AND TIME OF LATEST TRANSACTION
control field 20260309103553.0
008 - FIXED-LENGTH DATA ELEMENTS--GENERAL INFORMATION
fixed length control field 260216b |||||||| |||| 00| 0 eng d
020 ## - INTERNATIONAL STANDARD BOOK NUMBER
International Standard Book Number 9781032688473
040 ## - CATALOGING SOURCE
Original cataloging agency DLC
Language of cataloging eng
Transcribing agency DLC
Modifying agency URS
Description conventions rda
050 ## - LIBRARY OF CONGRESS CALL NUMBER
Classification number TX 911.3.M3
Item number H7947 2024
100 ## - MAIN ENTRY--PERSONAL NAME
Personal name Hinson, Robert E.
245 ## - TITLE STATEMENT
Title Hospitality and tourism marketing:
Remainder of title building customer driven hospitality and tourism organizations/
Statement of responsibility, etc. Robert E. Hinson and five others.-
264 ## - PRODUCTION, PUBLICATION, DISTRIBUTION, MANUFACTURE, AND COPYRIGHT NOTICE
Place of production, publication, distribution, manufacture New York:
Name of producer, publisher, distributor, manufacturer Routledge,
Date of production, publication, distribution, manufacture, or copyright notice c2024.
300 ## - PHYSICAL DESCRIPTION
Extent xxii,
Other physical details 352 pages: illustrations ;
Dimensions 26 centimeters.
336 ## - CONTENT TYPE
Source rdacontent
Content type term text
Content type code txt
337 ## - MEDIA TYPE
Source rdamedia
Media type term unmediated
Media type code n
338 ## - CARRIER TYPE
Source rdacarrier
Carrier type term volume
Carrier type code nc
504 ## - BIBLIOGRAPHY, ETC. NOTE
Bibliography, etc. note Includes references and index.
520 ## - SUMMARY, ETC.
Summary, etc. In this chapter, we discussed various strategies and investments that can be undertaken to deliver solid tourism and hospitality marketing plans and the advantages of developing these.
650 ## - SUBJECT ADDED ENTRY--TOPICAL TERM
Source of heading or term Tourism - Marketing
650 ## - SUBJECT ADDED ENTRY--TOPICAL TERM
Source of heading or term Tourism management
650 ## - SUBJECT ADDED ENTRY--TOPICAL TERM
Source of heading or term Hospitality industry- Management
700 ## - ADDED ENTRY--PERSONAL NAME
Personal name Mensah, Ishmael
700 ## - ADDED ENTRY--PERSONAL NAME
Personal name Amoako George Kofi
700 ## - ADDED ENTRY--PERSONAL NAME
Personal name Mensah, Esi Akyere
700 ## - ADDED ENTRY--PERSONAL NAME
Personal name Coffie, Isaac Sewornu
700 ## - ADDED ENTRY--PERSONAL NAME
Personal name Khosa, Eddy
942 ## - ADDED ENTRY ELEMENTS (KOHA)
Source of classification or shelving scheme Library of Congress Classification
Koha item type Foreign Books
Classification part TX 9113.M3
Item part H7947 2024
Holdings
Withdrawn status Source of classification or shelving scheme Damaged status Not for loan Home library Current library Shelving location Date acquired Total Checkouts Full call number Barcode Date last seen Price effective from Koha item type
  Library of Congress Classification     Angono College Library Angono College Library Foreign Section 02/16/2026   TX 911.3.M3 H7947 2024 URSANG-7742 02/16/2026 02/16/2026 Foreign Books

University of Rizal System
Email us at univlibservices@urs.edu.ph

Visit our Website www.urs.edu.ph/library